000 00592nam a2200193Ia 4500
003 GCL
008 140319s9999 xx 000 0 ara d
040 _aGCL /
_cGCL
082 0 4 _a891.55
_bخ ش
100 1 _aحسرو الدهلوى
245 1 0 _aشيرين وخسروا /
_cحسرو الدهلوى
700 1 _aعبدالعزيز مصطفى بقوش
260 _a[S.N] :
_bدار سعاد الصباح ،
_c1992
300 _a413 ص
490 _a
650 0 4 _aالقصص الفارسية المترجمة
650 0 4 _aالادب الفارسى المترجم
942 _2ddc
_cBK
999 _c29828
_d29828